European Geography By Letter A - Picture Quiz - Statistics

General Stats
  • This quiz has been taken 2,624 times
    2,059 since last reset
  • The average score is 10 of 18
Answer Stats
Picture Hint Answer % Correct
(mountain range) Alps
94%
Albania
92%
(country) Austria
91%
{Adriatic} Sea
90%
Andalusia
74%
(city) Athens
72%
Auschwitz
70%
Cote d'{Azur}
70%
Arc de Triomphe
64%
(capital) Andorra la Vella
53%
{Åland} Islands
39%
Alhambra
32%
(structure) Atomium
32%
(city) Aberdeen
26%
{Avignon} Bridge
25%
(river) Amstel
19%
{Aachen} Cathedral
17%
Altamira
9%
No matching quizzes found
Score Distribution
Percent of People with Each Score
Percentile by Number Answered
Your Score History
You have not taken this quiz since the last reset